Profile : of the electronic industries association of Japan

Saved in:
Bibliographic Details
Corporate Author: Electronic Industries Association of Japan
Format: Book
Language:Undetermined
Published: Tokyo Electronic Industries Association of Japan 1992
Subjects:
Tags: Add Tag
No Tags, Be the first to tag this record!
Institutions: Trung tâm Học liệu Trường Đại học Cần Thơ
LEADER 00622nam a2200205Ia 4500
001 CTU_98720
008 210402s9999 xx 000 0 und d
082 |a 621.381 
082 |b E38 
110 |a Electronic Industries Association of Japan 
245 0 |a Profile : 
245 0 |b of the electronic industries association of Japan 
245 0 |c Electronic Industries Association of Japan 
260 |a Tokyo 
260 |b Electronic Industries Association of Japan 
260 |c 1992 
650 |a Electronic industries 
650 |z Japan 
904 |i Năm 
980 |a Trung tâm Học liệu Trường Đại học Cần Thơ